| Tag |
First Indicator |
Second Indicator |
Subfields |
| LEADER |
00000cam a2200000 a 4500 |
| 001 |
in00000015355 |
| 005 |
20151007053036.0 |
| 008 |
740719m19481952maua 00010 eng u |
| 010 |
|
|
|a 48003704
|
| 035 |
|
|
|a (OCoLC)00951483
|
| 035 |
|
|
|9 AAB0171AM
|
| 040 |
|
|
|a DLC
|c MMM
|d CUS
|d TXA
|d UtOrBLW
|
| 049 |
|
|
|a TXAS [rare]
|v 1
|v 2
|v 3
|
| 050 |
|
0 |
|a NE965
|b .F6
|
| 100 |
1 |
|
|a Forbes, Allan,
|d 1874-1955.
|
| 245 |
1 |
0 |
|a Yankee ship sailing cards... /
|c by Allan Forbes and Ralph M. Eastman.
|
| 264 |
|
1 |
|a Boston :
|b State Street Trust Co.,
|c 1948-52.
|
| 300 |
|
|
|a 3 volumes :
|b illustrations (part. color) ;
|c 23 cm.
|
| 336 |
|
|
|a text
|b txt
|2 rdacontent
|
| 337 |
|
|
|a unmediated
|b n
|2 rdamedia
|
| 338 |
|
|
|a volume
|b nc
|2 rdacarrier
|
| 500 |
|
|
|a Volume 2 has title: Other yankee ship sailing cards.
|
| 650 |
|
0 |
|a Sailing cards.
|
| 650 |
|
0 |
|a Shipping
|z Massachusetts
|z Boston.
|
| 650 |
|
0 |
|a Ships.
|
| 700 |
1 |
|
|a Eastman, Ralph M.
|q (Ralph Mason),
|d 1891-1976.
|
| 710 |
2 |
|
|a State Street Trust Company (Boston)
|
| 740 |
0 |
|
|a Other yankee ship sailing cards.
|
| 999 |
|
|
|a MARS
|
| 999 |
f |
f |
|s a250cc31-7259-32a9-a926-a9ee2e367926
|i bdf74c3f-9e4b-30ed-b795-81c6cb569515
|t 0
|
| 952 |
f |
f |
|p noncirc
|a Texas A&M University
|b College Station
|c Cushing Memorial Library & Archives
|d Cushing: Rare Books (Does not check out)
|t 0
|e NE965 .F6
|h Library of Congress classification
|i unmediated -- volume
|
| 998 |
f |
f |
|a NE965 .F6
|s v.1-v.3
|t 0
|l Cushing: Rare Books (Does not check out)
|